000
00231nam a2200097Ia 4500
005
20251222114340.0
008
251222s1900||||xx |||||||||||||| ||spa||
082
_a
DVD0070/D33/2010
245
0
_a
Bloodworth:Regresando a casa
942
_c
DVD
999
_c
841
_d
841